=LDR 00000nam 2200000 4500 =001 000628 =005 20250711115518 =035 ##$$a 0010-0725000496 =007 ta =008 250711################a##########0#ind## =020 ##$$a 978-623-307-334-9 =082 ##$$a 398.209 598 =084 ##$$a 398.209 598 M, b =100 #$$a M, Vivaan =245 1#$$a Baingani /$c Vivaan M =250 ##$$a Cetakan Pertama =260 ##$$a Jakarta Timur :$b Badan Pengembangan dan Pembinaan Bahasa,$c 2022 =300 ##$$a 20 hlm : $b ilus. ; $c 29 cm =650 #4$$a Literasi-Bahan Bacaan =600 #4$$a Cerita anak Indonesia - Terjemahan =856 ##$$a TBM AS SUHADA =990 ##$$a TBM03940394